00407 a2200145 4500003000400000005001700004008004100021020001800062040000900080082001900089100002900108245008200137260003300219300000900252OSt20231103121055.0231103b |||||||| |||| 00| 0 eng d a9789380081724 coclc a894.812bVAL/M aVallikunnu, Balakrishnan aMappilappattu Padavum Padanavum /cBalakrishnan Vallikunnu, Dr. Umer Tharamel aKerala:bOther books,c2018. a315p